| 000 | 00578cam a22002174a 4500 | ||
|---|---|---|---|
| 005 | 20250605164320.0 | ||
| 008 | 250528s ||||||||||||||||||||||||d | ||
| 035 | _a22884 | ||
| 020 | _a9780201325522 | ||
| 040 |
_aGR-AtMCL _bgre _dGR-AtMCL _eAACR2 |
||
| 245 | 1 | _aMULTINATIONAL BUSINESS FINANCE | |
| 250 | _a8 | ||
| 260 |
_bΕκδόσεις Νεων Τεχνολογιων, _c1998 |
||
| 300 | _a854 | ||
| 700 | 1 |
_aEiteman David K _91223 |
|
| 700 | 1 |
_aMoffett Michael H _91226 |
|
| 700 | 1 |
_aStonehill Arthur I _91224 |
|
| 942 | _cBK | ||
| 999 |
_c7928 _d7928 |
||